| 000 | 00438nam a2200157Ia 4500 | ||
|---|---|---|---|
| 999 |
_c25937 _d25937 |
||
| 003 | OSt | ||
| 005 | 20200320104818.0 | ||
| 008 | 190216s9999||||xx |||||||||||||| ||und|| | ||
| 040 | _coclc | ||
| 082 |
_a920 _bMOU/M |
||
| 100 |
_aMoulavi, E Moidu _92113 |
||
| 245 | 0 |
_aMoulaviyude Atmakatha / _cE Moidu Moulavi |
|
| 260 |
_bDc Books, _aKottayam: _c1985. |
||
| 300 | _a211p | ||
| 942 |
_cBK _2ddc _h920 _iMOU/M _k920 _mMOU/M |
||